[Event "DVM U20w 2024"]
[Site "Sebnitz GER"]
[Date "2024.12.27"]
[Round "2"]
[White "Falke, Ornella"]
[Black "Mai, Mariella"]
[Result "1-0"]
[Termination "normal"]
[Board "1.1"]
[WhiteTitle "WCM"]
[WhiteElo "2019"]
[BlackElo "1783"]
[WhiteTeam "Elmshorner SC 1896"]
[BlackTeam "SC Leipzig-Lindenau"]
[PlyCount "51"]
[WhiteFideId "16207092"]
[BlackFideId "16281780"]
[EventCountry "GER"]
[EventRounds "7"]
[EventType "team-swiss"]
[EventDate "2024.12.26"]

1. d4 Nf6 2. c4 g6 3. Nc3 Bg7 4. e4 d6 5. Be2 O-O 6. h4 c5 7. d5 Nbd7 8. h5 Re8
9. Bf4 Qa5 10. hxg6 hxg6 11. Qd2 Nh7 12. Nf3 Ndf6 13. e5 Nh5 14. Bh6 dxe5 15.
Bxg7 Kxg7 16. Nxe5 Qc7 17. Nd3 N7f6 18. Qg5 Nh7 19. Qh4 Bf5 20. Bxh5 gxh5 21.
O-O-O Nf6 22. Nf4 Bg4 23. Qg5+ Kh7 24. Nxh5 Nxh5 25. Rxh5+ Bxh5 26. Rh1 1-0

[Event "DVM U20w 2024"]
[Site "Sebnitz GER"]
[Date "2024.12.27"]
[Round "2"]
[White "Niesch, Sarah"]
[Black "Evering, Enna"]
[Result "0-1"]
[Termination "normal"]
[Board "1.2"]
[WhiteElo "1406"]
[BlackElo "1771"]
[WhiteTeam "SC Leipzig-Lindenau"]
[BlackTeam "Elmshorner SC 1896"]
[PlyCount "118"]
[WhiteFideId "16211294"]
[BlackFideId "16218213"]
[EventCountry "GER"]
[EventRounds "7"]
[EventType "team-swiss"]
[EventDate "2024.12.26"]

1. d4 Nf6 2. Nf3 d5 3. b3 g6 4. Bb2 Bg7 5. Nbd2 O-O 6. e3 b6 7. c4 e6 8. h4 Bb7
9. c5 bxc5 10. dxc5 Ba6 11. Bxa6 Nxa6 12. Qc2 Nb4 13. Qc3 a5 14. a3 Nh5 15. Nd4
Nc6 16. g4 Nxd4 17. exd4 Nf6 18. f3 h5 19. gxh5 Nxh5 20. O-O-O Ng3 21. Rh2 Nf5
22. Qd3 Nxh4 23. Rdh1 Nf5 24. f4 f6 25. Nf3 Kf7 26. Nh4 Nxh4 27. Rxh4 Rh8 28.
Rxh8 Bxh8 29. Rh7+ Bg7 30. Bc3 a4 31. b4 f5 32. Be1 Qd7 33. Qh3 Rg8 34. Bf2 Qe8
35. Qg2 Rh8 36. Rh1 Rxh1+ 37. Qxh1 Qh8 38. Qg2 Bxd4 39. Bxd4 Qxd4 40. Qg3 c6
41. Qh4 Qf6 42. Qh7+ Qg7 43. Qh4 Ke8 44. Kc2 e5 45. fxe5 Qxe5 46. Qh6 Qe4+ 47.
Kd2 f4 48. Qh8+ Kf7 49. Qh7+ Kf6 50. Qh8+ Kg5 51. Qd8+ Kg4 52. Qd7+ Kg3 53. Qd6
Kg2 54. Qf6 f3 55. Qg5+ Kf1 56. b5 Qd4+ 57. Kc2 Qxc5+ 58. Kd2 Qxb5 59. Qe3 Qe2+
0-1

[Event "DVM U20w 2024"]
[Site "Sebnitz GER"]
[Date "2024.12.27"]
[Round "2"]
[White "Margaryan, Susanna"]
[Black "Ivanov, Helena"]
[Result "0-1"]
[Termination "normal"]
[Board "1.3"]
[WhiteElo "1746"]
[BlackElo "1089"]
[WhiteTeam "Elmshorner SC 1896"]
[BlackTeam "SC Leipzig-Lindenau"]
[PlyCount "66"]
[WhiteFideId "16268210"]
[BlackFideId "34693378"]
[EventCountry "GER"]
[EventRounds "7"]
[EventType "team-swiss"]
[EventDate "2024.12.26"]

1. e4 e5 2. Nf3 Nc6 3. Bc4 Bc5 4. O-O Nf6 5. c3 Nxe4 6. Qe2 d5 7. Bxd5 Qxd5 8.
c4 Nd4 9. Qd3 Nxf3+ 10. Qxf3 Qd4 11. d3 Nf6 12. Nc3 Qg4 13. Qxg4 Nxg4 14. Ne4
Bd4 15. h3 Nf6 16. Rb1 Nxe4 17. dxe4 O-O 18. a3 f5 19. exf5 Bxf5 20. Ra1 Bd3
21. Rd1 Bxc4 22. Rd2 Rad8 23. Rc2 Bxf2+ 24. Kh2 b5 25. Bg5 Rd3 26. Be7 Bg3+ 27.
Kg1 Re8 28. Bc5 Red8 29. Rcc1 Bb3 30. Rf1 h6 31. Bxa7 Rd2 32. Rac1 e4 33. Bc5
Bc4 0-1

[Event "DVM U20w 2024"]
[Site "Sebnitz GER"]
[Date "2024.12.27"]
[Round "2"]
[White "Richter, Mila"]
[Black "Neitzel, Emma"]
[Result "0-1"]
[Termination "normal"]
[Board "1.4"]
[WhiteElo "1031"]
[BlackElo "1522"]
[WhiteTeam "SC Leipzig-Lindenau"]
[BlackTeam "Elmshorner SC 1896"]
[PlyCount "96"]
[BlackFideId "16298373"]
[EventCountry "GER"]
[EventRounds "7"]
[EventType "team-swiss"]
[EventDate "2024.12.26"]

1. e4 c6 2. d4 d5 3. exd5 cxd5 4. Nc3 Nf6 5. Bf4 e6 6. Nb5 Na6 7. Nf3 Be7 8.
Nc3 Bb4 9. Bd2 O-O 10. Bd3 Qc7 11. Bxa6 bxa6 12. Ne2 Bxd2+ 13. Qxd2 Ne4 14. Qd3
Bd7 15. Ne5 Bb5 16. Qd1 Ba4 17. b3 Nc3 18. Qd3 Nxe2 19. Qxe2 Qc3+ 20. Qd2 Qxa1+
21. Qd1 Qxd1+ 22. Kxd1 Bb5 23. a4 Be8 24. Re1 f6 25. Nd3 Bh5+ 26. Kc1 Rfe8 27.
Nc5 Rac8 28. Kd2 e5 29. Nxa6 exd4 30. Rxe8+ Bxe8 31. Kd3 Bg6+ 32. Kxd4 Bxc2 33.
Nc5 Rb8 34. Kc3 Rc8 35. Kxc2 Rxc5+ 36. Kb2 a5 37. Ka3 d4 38. b4 Rc3+ 39. Kb2
axb4 40. a5 Ra3 41. a6 Rxa6 42. Kb3 d3 43. Kxb4 d2 44. Kb5 Ra2 45. Kc5 d1=Q 46.
Kc6 Rc2+ 47. Kb6 Qb1+ 48. Ka6 Ra2# 0-1

[Event "DVM U20w 2024"]
[Site "Sebnitz GER"]
[Date "2024.12.27"]
[Round "2"]
[White "Adelhardt, Lisa"]
[Black "Sickmann, Lisa"]
[Result "0-1"]
[Termination "normal"]
[Board "2.1"]
[BlackTitle "WFM"]
[WhiteElo "1807"]
[BlackElo "2251"]
[WhiteTeam "SC Garching 1980"]
[BlackTeam "Lübecker SV 1873"]
[PlyCount "76"]
[WhiteFideId "16235380"]
[BlackFideId "16267818"]
[EventCountry "GER"]
[EventRounds "7"]
[EventType "team-swiss"]
[EventDate "2024.12.26"]

1. e4 c5 2. Ne2 e6 3. g3 Nf6 4. Bg2 Nc6 5. c3 d5 6. d3 Be7 7. O-O O-O 8. h3 b6
9. Nd2 Ba6 10. exd5 exd5 11. Nb3 Qd7 12. Bg5 Qf5 13. Bxf6 Bxf6 14. d4 Rfe8 15.
Re1 Bxe2 16. Rxe2 Rxe2 17. Qxe2 cxd4 18. Re1 h6 19. g4 Qd7 20. Nxd4 Bxd4 21.
cxd4 Rd8 22. Qd2 Qd6 23. a3 Qf6 24. Rd1 g5 25. Qe3 Ne7 26. Qb3 Qd6 27. Qa4 a5
28. Rc1 Kg7 29. Qb3 Qf4 30. Rd1 Qc7 31. Re1 Qd6 32. Qe3 Ng6 33. Kf1 Qc6 34. Rc1
Qa4 35. Rc7 Qd1+ 36. Qe1 Qxd4 37. Kg1 Qxb2 38. Qd1 Nf4 0-1

[Event "DVM U20w 2024"]
[Site "Sebnitz GER"]
[Date "2024.12.27"]
[Round "2"]
[White "Hellenbroich, Helene"]
[Black "Alferova, Emily"]
[Result "1/2-1/2"]
[Termination "normal"]
[Board "2.2"]
[WhiteElo "1644"]
[BlackElo "1739"]
[WhiteTeam "Lübecker SV 1873"]
[BlackTeam "SC Garching 1980"]
[PlyCount "65"]
[WhiteFideId "16270754"]
[BlackFideId "16265904"]
[EventCountry "GER"]
[EventRounds "7"]
[EventType "team-swiss"]
[EventDate "2024.12.26"]

1. e4 e5 2. Nf3 Nc6 3. Bc4 Bc5 4. d3 h6 5. c3 Nf6 6. O-O O-O 7. Nbd2 d6 8. Bb3
Nh7 9. Re1 Qf6 10. Nf1 Bg4 11. h3 Bd7 12. Be3 Bxe3 13. Rxe3 Kh8 14. Ng3 Ng5 15.
Nh5 Nxf3+ 16. Rxf3 Qh4 17. Ng3 Qe7 18. Qd2 Kh7 19. Nf5 Bxf5 20. Rxf5 Nd8 21.
Qe3 Ne6 22. Rf3 Nf4 23. Kh2 Qh4 24. Rg3 g6 25. Rg4 Qh5 26. Bd1 g5 27. Rg3 Qg6
28. Bg4 Kh8 29. Rf3 h5 30. Bf5 Qh6 31. Rh1 Kg7 32. Kg1 Ng6 33. Rg3 1/2-1/2

[Event "DVM U20w 2024"]
[Site "Sebnitz GER"]
[Date "2024.12.27"]
[Round "2"]
[White "Frowein, Jamie"]
[Black "Rosin, Ida"]
[Result "1-0"]
[Termination "normal"]
[Board "2.3"]
[WhiteElo "1739"]
[BlackElo "1611"]
[WhiteTeam "SC Garching 1980"]
[BlackTeam "Lübecker SV 1873"]
[PlyCount "93"]
[WhiteFideId "16282949"]
[BlackFideId "16273214"]
[EventCountry "GER"]
[EventRounds "7"]
[EventType "team-swiss"]
[EventDate "2024.12.26"]

1. c4 e5 2. Nc3 Nf6 3. Nf3 Nc6 4. e3 Bb4 5. Qc2 Bxc3 6. Qxc3 d6 7. d4 exd4 8.
Nxd4 Ne4 9. Nxc6 Nxc3 10. Nxd8 Ne4 11. Nxf7 Kxf7 12. Bd3 Nc5 13. Bc2 Be6 14. b3
h6 15. Bb2 Rhf8 16. f4 g6 17. Rg1 Bf5 18. Bxf5 gxf5 19. O-O-O Rae8 20. Rd5 Ke6
21. Re1 Kd7 22. Ba3 c6 23. Rd4 Ne4 24. Bxd6 Nxd6 25. c5 Rf6 26. Rxd6+ Rxd6 27.
cxd6 Kxd6 28. Rd1+ Kc5 29. Kd2 Rd8+ 30. Ke2 Rxd1 31. Kxd1 Kd5 32. Ke2 Ke4 33.
g4 fxg4 34. Kf2 b5 35. Kg3 h5 36. b4 Kf5 37. h3 a6 38. hxg4+ hxg4 39. e4+ Kf6
40. Kxg4 Kg6 41. f5+ Kf6 42. e5+ Kg7 43. Kg5 Kg8 44. Kg6 Kf8 45. f6 Kg8 46. f7+
Kf8 47. Kf6 1-0

[Event "DVM U20w 2024"]
[Site "Sebnitz GER"]
[Date "2024.12.27"]
[Round "2"]
[White "Gossing, Marie-Sophie"]
[Black "Muhina, Alina"]
[Result "1-0"]
[Termination "normal"]
[Board "2.4"]
[WhiteElo "1609"]
[BlackElo "1585"]
[WhiteTeam "Lübecker SV 1873"]
[BlackTeam "SC Garching 1980"]
[PlyCount "93"]
[WhiteFideId "16217284"]
[BlackFideId "16298322"]
[EventCountry "GER"]
[EventRounds "7"]
[EventType "team-swiss"]
[EventDate "2024.12.26"]

1. e4 c6 2. d4 d5 3. exd5 cxd5 4. Bd3 g6 5. Nf3 Bg4 6. Bf4 Bg7 7. c3 f6 8. Bxb8
Rxb8 9. Qa4+ Bd7 10. Qxa7 Nh6 11. Qc5 Bc6 12. Bb5 Qd7 13. Bxc6 Qxc6 14. O-O
Qxc5 15. dxc5 O-O 16. Nd4 Kf7 17. Nd2 Ng4 18. N2f3 Rfc8 19. b4 b6 20. Nb3 f5
21. Rac1 bxc5 22. Nxc5 Ra8 23. Rc2 Ra3 24. Rfc1 Bh6 25. Rb1 Bg7 26. Nd4 Bxd4
27. cxd4 Rb8 28. Nd7 Rb7 29. Nc5 Rb8 30. Re2 Nf6 31. b5 Rb6 32. Rbb2 Rc3 33. h3
Ra3 34. Re3 Ra7 35. a4 Ne8 36. Rbe2 Nd6 37. Re5 Nc4 38. Rxd5 Na5 39. Nd7 Rbb7
40. b6 Ra8 41. Ne5+ Kf6 42. Rb5 Ra6 43. Rc2 Kg5 44. Rcc5 Nb3 45. Rxb3 Rxa4 46.
Nf3+ Kf6 47. Rc7 1-0

[Event "DVM U20w 2024"]
[Site "Sebnitz GER"]
[Date "2024.12.27"]
[Round "2"]
[White "John, Linnea"]
[Black "Stelter, Finja"]
[Result "1/2-1/2"]
[Termination "normal"]
[Board "3.1"]
[WhiteElo "1712"]
[BlackElo "1711"]
[WhiteTeam "SV Königsjäger Süd-West 2"]
[BlackTeam "SK Lehrte von 1919 e. V."]
[PlyCount "51"]
[WhiteFideId "34623680"]
[BlackFideId "16298624"]
[EventCountry "GER"]
[EventRounds "7"]
[EventType "team-swiss"]
[EventDate "2024.12.26"]

1. e4 c5 2. Nf3 Nc6 3. Bb5 g6 4. Bxc6 dxc6 5. h3 Bg7 6. O-O Nf6 7. d3 O-O 8.
Nc3 Nd7 9. Be3 b6 10. Qd2 Ne5 11. Nxe5 Bxe5 12. Bh6 Bg7 13. Bxg7 Kxg7 14. f4
Bd7 15. f5 Qc8 16. Qg5 f6 17. Qg3 Qb8 18. Qg4 Rg8 19. Qf4 Qxf4 20. Rxf4 gxf5
21. exf5 Kf7 22. Re1 Rg5 23. g4 h5 24. Kf2 hxg4 25. hxg4 Re8 26. Rh1 1/2-1/2

[Event "DVM U20w 2024"]
[Site "Sebnitz GER"]
[Date "2024.12.27"]
[Round "2"]
[White "Zöllner, Bente"]
[Black "Burchardi, Helena"]
[Result "1-0"]
[Termination "normal"]
[Board "3.2"]
[WhiteElo "1805"]
[BlackElo "1730"]
[WhiteTeam "SK Lehrte von 1919 e. V."]
[BlackTeam "SV Königsjäger Süd-West 2"]
[PlyCount "115"]
[WhiteFideId "16230523"]
[BlackFideId "34636374"]
[EventCountry "GER"]
[EventRounds "7"]
[EventType "team-swiss"]
[EventDate "2024.12.26"]

1. d4 d5 2. Nf3 Nf6 3. c4 e6 4. Bg5 Be7 5. Nc3 O-O 6. e3 a6 7. cxd5 exd5 8. Bd3
Nc6 9. O-O Bg4 10. a3 Qd7 11. b4 b5 12. Be2 h6 13. Bh4 Bxf3 14. Bxf3 Rad8 15.
Bxf6 Bxf6 16. Nxd5 Qd6 17. Rc1 Ne7 18. Nxf6+ gxf6 19. Rc3 Nc8 20. Qc2 Rd7 21.
Rc1 Nb6 22. Rc6 Qe7 23. Bg4 Rd6 24. Rxc7 Qd8 25. Qc5 Nc4 26. Rc8 Qe7 27. Be2
Nb6 28. Rxf8+ Qxf8 29. Bd3 Qd8 30. Qc7 Qxc7 31. Rxc7 Kg7 32. Kf1 Nd5 33. Rc5
Nb6 34. Ke2 Na4 35. Rc2 Kg8 36. Be4 Re6 37. f3 Nb6 38. Rc6 Kf8 39. Rxe6 fxe6
40. Bb7 Nc4 41. Bxa6 Nd6 42. Kd3 Ke7 43. Kc3 Kd7 44. Kb3 Kc7 45. a4 Kb6 46.
Bxb5 Nf5 47. Bd3 Nxe3 48. a5+ Ka7 49. g3 Nd5 50. b5 Ne7 51. Kc4 Kb7 52. Kc5 Nc8
53. b6 h5 54. a6+ Kb8 55. a7+ Nxa7 56. bxa7+ Kxa7 57. Kd6 e5 58. d5 1-0

[Event "DVM U20w 2024"]
[Site "Sebnitz GER"]
[Date "2024.12.27"]
[Round "2"]
[White "Zhou, Leyi Charlotte"]
[Black "Baklan, Kira"]
[Result "1-0"]
[Termination "normal"]
[Board "3.3"]
[WhiteElo "1578"]
[BlackElo "1623"]
[WhiteTeam "SV Königsjäger Süd-West 2"]
[BlackTeam "SK Lehrte von 1919 e. V."]
[PlyCount "65"]
[WhiteFideId "16258100"]
[BlackFideId "34186514"]
[EventCountry "GER"]
[EventRounds "7"]
[EventType "team-swiss"]
[EventDate "2024.12.26"]

1. e4 e6 2. d4 d5 3. exd5 exd5 4. Nc3 Nf6 5. Nf3 Be7 6. Bd3 Bg4 7. h3 Bh5 8.
O-O O-O 9. Re1 Nbd7 10. Bg5 Re8 11. Re3 h6 12. Bh4 c6 13. Qd2 Bd6 14. Rae1 Rxe3
15. Qxe3 Qc7 16. Ne5 Re8 17. f4 a6 18. Qg3 Qb8 19. Bf5 Bg6 20. Bxd7 Bxe5 21.
Bxf6 Bxd4+ 22. Bxd4 Rxe1+ 23. Qxe1 Qxf4 24. Qe5 Qc1+ 25. Kh2 f6 26. Be6+ Kh7
27. Qb8 Bxc2 28. Qg8+ Kg6 29. Bf7+ Kf5 30. Qh7+ Kf4 31. Ne2+ Kg5 32. Qxg7+ Kf5
33. Qg4# 1-0

[Event "DVM U20w 2024"]
[Site "Sebnitz GER"]
[Date "2024.12.27"]
[Round "2"]
[White "Thiele, Lea-Marie"]
[Black "Richter, Anastasia"]
[Result "0-1"]
[Termination "normal"]
[Board "3.4"]
[WhiteElo "1654"]
[BlackElo "1717"]
[WhiteTeam "SK Lehrte von 1919 e. V."]
[BlackTeam "SV Königsjäger Süd-West 2"]
[PlyCount "82"]
[WhiteFideId "16298616"]
[BlackFideId "34659099"]
[EventCountry "GER"]
[EventRounds "7"]
[EventType "team-swiss"]
[EventDate "2024.12.26"]

1. d4 d5 2. c4 e6 3. Nc3 c6 4. Nf3 dxc4 5. e4 b5 6. Bf4 Nf6 7. a4 Bb4 8. Qc2
Nbd7 9. e5 Nd5 10. Bd2 a5 11. axb5 Bxc3 12. bxc3 cxb5 13. Be2 Bb7 14. Ng5 h6
15. Ne4 O-O 16. Qc1 Nf4 17. Bxf4 Bxe4 18. Bf3 Bd5 19. h4 Re8 20. Rh3 Kh7 21.
Qc2+ Kh8 22. Bh5 Bxg2 23. Rg3 Qxh4 24. Bxf7 Qxf4 25. Bxe8 Be4 26. Qe2 Rxe8 27.
Rg4 Qf3 28. Rxe4 Qxc3+ 29. Kf1 Qxa1+ 30. Kg2 Qc1 31. Rg4 Qb1 32. Rg3 Qf5 33.
Rf3 Qg4+ 34. Kf1 Qxd4 35. Re3 Nc5 36. Rh3 Nd3 37. Qd2 Qa1+ 38. Kg2 Qxe5 39. Re3
Nf4+ 40. Kf1 Qd5 41. Qxa5 Qh1# 0-1

[Event "DVM U20w 2024"]
[Site "Sebnitz GER"]
[Date "2024.12.27"]
[Round "2"]
[White "Schmidt, Luise"]
[Black "Hofmeier, Viktoria"]
[Result "1-0"]
[Termination "normal"]
[Board "4.2"]
[WhiteElo "1663"]
[BlackElo "1587"]
[WhiteTeam "SV Königsjäger Süd-West"]
[BlackTeam "SC Garching 1980 2"]
[PlyCount "97"]
[WhiteFideId "16294475"]
[BlackFideId "34639675"]
[EventCountry "GER"]
[EventRounds "7"]
[EventType "team-swiss"]
[EventDate "2024.12.26"]

1. d4 d5 2. c4 c6 3. e3 Nf6 4. Nf3 a6 5. a4 Nbd7 6. Nc3 e6 7. b3 Bd6 8. Bd3 O-O
9. O-O e5 10. cxd5 cxd5 11. dxe5 Nxe5 12. Be2 Be6 13. Bb2 Nxf3+ 14. Bxf3 Be5
15. Rc1 Ne4 16. Qe2 f5 17. Rfd1 Qa5 18. Nb1 Bf6 19. Bxf6 Rxf6 20. Qb2 Rh6 21.
Nc3 Qc7 22. h3 Qe5 23. Rc2 Rd8 24. Nxe4 Qxb2 25. Rxb2 fxe4 26. Bxe4 Rf8 27.
Bxd5 Bxd5 28. Rxd5 Rc8 29. Rbd2 Rc1+ 30. Rd1 Rxd1+ 31. Rxd1 Rb6 32. Rd3 Kf7 33.
f4 Ke6 34. g4 Rc6 35. Kf2 h6 36. Kf3 g6 37. e4 Rc1 38. f5+ gxf5 39. exf5+ Ke5
40. Re3+ Kf6 41. Kf4 Rf1+ 42. Rf3 Rd1 43. Re3 Rf1+ 44. Kg3 Rh1 45. Kh4 h5 46.
Kxh5 Rd1 47. h4 Rd7 48. Re6+ Kf7 49. g5 1-0

[Event "DVM U20w 2024"]
[Site "Sebnitz GER"]
[Date "2024.12.27"]
[Round "2"]
[White "Muhina, Liana"]
[Black "Haase, Maike"]
[Result "0-1"]
[Termination "normal"]
[Board "4.3"]
[WhiteElo "1526"]
[BlackElo "1649"]
[WhiteTeam "SC Garching 1980 2"]
[BlackTeam "SV Königsjäger Süd-West"]
[PlyCount "90"]
[WhiteFideId "16266145"]
[BlackFideId "34619356"]
[EventCountry "GER"]
[EventRounds "7"]
[EventType "team-swiss"]
[EventDate "2024.12.26"]

1. e4 c5 2. Nf3 Nc6 3. d4 cxd4 4. Nxd4 g6 5. Be3 Bg7 6. Nc3 d6 7. Bb5 Bd7 8.
Qd2 Nf6 9. Nde2 O-O 10. Bh6 a6 11. Bd3 Ne5 12. Bxg7 Nxd3+ 13. Qxd3 Kxg7 14. f4
b5 15. f5 b4 16. Nd5 Bb5 17. Qf3 Nxd5 18. exd5 Qb6 19. Qf2 Qxf2+ 20. Kxf2 Bxe2
21. Kxe2 gxf5 22. Rhf1 e6 23. Rad1 Rfd8 24. Rf4 Rac8 25. Rd2 a5 26. Kd1 Rc7 27.
Rd3 Rdc8 28. Rd2 Kf6 29. g4 Ke5 30. Rfd4 Rc4 31. Rxc4 Rxc4 32. dxe6 fxe6 33.
gxf5 exf5 34. Rf2 Rg4 35. Ke1 d5 36. Kd2 Ke4 37. Re2+ Kf3 38. Re5 Rd4+ 39. Kc1
f4 40. c3 bxc3 41. bxc3 Rc4 42. Rxd5 Rxc3+ 43. Kd2 Ra3 44. Ke1 Rxa2 45. Re5 a4
0-1

[Event "DVM U20w 2024"]
[Site "Sebnitz GER"]
[Date "2024.12.27"]
[Round "2"]
[White "Altuve Medina, Victoria Isabella"]
[Black "Anaparthi, Aditi"]
[Result "1-0"]
[Termination "normal"]
[Board "4.4"]
[WhiteElo "1554"]
[BlackElo "1483"]
[WhiteTeam "SV Königsjäger Süd-West"]
[BlackTeam "SC Garching 1980 2"]
[PlyCount "67"]
[WhiteFideId "3935639"]
[BlackFideId "34620389"]
[EventCountry "GER"]
[EventRounds "7"]
[EventType "team-swiss"]
[EventDate "2024.12.26"]

1. e4 e5 2. Nf3 Nc6 3. Bc4 Bb4 4. c3 Ba5 5. d3 Nf6 6. Nbd2 d6 7. Nf1 Bg4 8. Ng3
d5 9. Bb5 O-O 10. O-O Ne7 11. h3 dxe4 12. hxg4 exf3 13. Qxf3 c6 14. Ba4 Qd7 15.
Bg5 Ned5 16. Nf5 Rad8 17. Bc2 Bc7 18. g3 Rc8 19. Bxf6 Nxf6 20. g5 Nd5 21. d4 g6
22. Nh6+ Kg7 23. c4 e4 24. Bxe4 f5 25. Bxd5 cxd5 26. Qxd5 Qe7 27. f4 Qe3+ 28.
Kg2 b6 29. Rae1 Qd2+ 30. Kh3 Rcd8 31. Re7+ Kh8 32. Nf7+ Rxf7 33. Qxf7 Qxd4 34.
Qxh7# 1-0

[Event "DVM U20w 2024"]
[Site "Sebnitz GER"]
[Date "2024.12.27"]
[Round "2"]
[White "Hafermann, Lara"]
[Black "Klahold, Rona"]
[Result "1-0"]
[Termination "normal"]
[Board "5.1"]
[WhiteElo "1726"]
[BlackElo "1791"]
[WhiteTeam "SC Borussia Lichtenberg"]
[BlackTeam "SC Porta Westfalica 1950"]
[PlyCount "121"]
[WhiteFideId "16298306"]
[BlackFideId "16222970"]
[EventCountry "GER"]
[EventRounds "7"]
[EventType "team-swiss"]
[EventDate "2024.12.26"]

1. Nf3 Nf6 2. g3 d5 3. Bg2 c6 4. O-O Bf5 5. d3 Nbd7 6. Nbd2 e5 7. c4 Bd6 8. Re1
d4 9. a3 a5 10. Nh4 Be6 11. Ne4 Nxe4 12. Bxe4 Nc5 13. Bf5 Qd7 14. Bxe6 Qxe6 15.
e3 dxe3 16. Bxe3 O-O 17. d4 Na6 18. dxe5 Be7 19. Ng2 Qxc4 20. Qd7 Qe6 21. Rad1
Nc5 22. Qxe6 fxe6 23. h4 Rad8 24. Nf4 Kf7 25. Kf1 Na4 26. b3 Nc3 27. Rxd8 Rxd8
28. Bb6 Ra8 29. a4 Bb4 30. Rc1 Ke7 31. Nd3 Nd5 32. Bd4 Ba3 33. Rc4 Rc8 34. Ke2
b6 35. Ne1 Kd7 36. Nc2 Be7 37. Bb2 Bc5 38. Rg4 g6 39. h5 Rf8 40. Bd4 Bxd4 41.
Nxd4 Ne7 42. hxg6 Nxg6 43. Re4 Rb8 44. f4 b5 45. Nc2 Ne7 46. Kd2 Rg8 47. axb5
cxb5 48. Rd4+ Nd5 49. Ne3 Rxg3 50. Nxd5 exd5 51. f5 Rg5 52. Rxd5+ Kc6 53. Rd6+
Kc5 54. Rf6 h5 55. e6 Kd6 56. Rf7 h4 57. Rd7+ Kc6 58. f6 Re5 59. f7 Rxe6 60.
Rd8 Rf6 61. f8=Q 1-0

[Event "DVM U20w 2024"]
[Site "Sebnitz GER"]
[Date "2024.12.27"]
[Round "2"]
[White "Duchstein, Anna"]
[Black "Hasselmann, Isabelle Sophia"]
[Result "1-0"]
[Termination "normal"]
[Board "5.2"]
[WhiteElo "1716"]
[BlackElo "1606"]
[WhiteTeam "SC Porta Westfalica 1950"]
[BlackTeam "SC Borussia Lichtenberg"]
[PlyCount "45"]
[WhiteFideId "16261372"]
[BlackFideId "16266951"]
[EventCountry "GER"]
[EventRounds "7"]
[EventType "team-swiss"]
[EventDate "2024.12.26"]

1. d4 d5 2. Bf4 e6 3. e3 c5 4. c3 Nc6 5. Bd3 b6 6. Nd2 Bd6 7. Bg3 Nf6 8. Ngf3
Bb7 9. Ne5 c4 10. Bc2 b5 11. f4 a5 12. O-O O-O 13. Ndf3 Qb6 14. Bh4 Bxe5 15.
fxe5 Nd7 16. Ng5 g6 17. Qg4 Nd8 18. Nxh7 Nc6 19. Qh3 Qc7 20. Nf6+ Kg7 21. Nxd7
Qxd7 22. Bf6+ Kg8 23. Qh8# 1-0

[Event "DVM U20w 2024"]
[Site "Sebnitz GER"]
[Date "2024.12.27"]
[Round "2"]
[White "Dieckmann, Phibie"]
[Black "Benary, Annika"]
[Result "0-1"]
[Termination "normal"]
[Board "5.4"]
[WhiteElo "1068"]
[BlackElo "1261"]
[WhiteTeam "SC Porta Westfalica 1950"]
[BlackTeam "SC Borussia Lichtenberg"]
[PlyCount "92"]
[WhiteFideId "34607161"]
[BlackFideId "533025550"]
[EventCountry "GER"]
[EventRounds "7"]
[EventType "team-swiss"]
[EventDate "2024.12.26"]

1. d4 Nf6 2. Nf3 g6 3. e3 Bg7 4. Bd3 O-O 5. O-O d6 6. b3 Nbd7 7. Bb2 Re8 8.
Nbd2 c5 9. c4 a6 10. a4 b6 11. Qc2 Bb7 12. d5 b5 13. Rfb1 Nb6 14. a5 Nbd7 15.
e4 Nh5 16. Bxg7 Kxg7 17. Qb2+ Kg8 18. Re1 Rb8 19. Qc3 b4 20. Qb2 Qc8 21. e5
dxe5 22. Nxe5 Ndf6 23. Ndf3 Nf4 24. Bc2 Ng4 25. Re4 Nxe5 26. Qxe5 Nh5 27. Rae1
Nf6 28. R4e2 Qd7 29. Qg5 Bc8 30. Ne5 Qd6 31. Nf3 Rb7 32. Ne5 Kg7 33. Be4 Nxe4
34. Rxe4 f6 35. Qg3 fxe5 36. Rxe5 Qf6 37. R5e4 Bf5 38. Rf4 Qc3 39. Qxc3+ bxc3
40. Rc1 Rxb3 41. h3 c2 42. Rxf5 Rb1 43. Rf3 Rxc1+ 44. Kh2 Rd1 45. Rc3 c1=Q 46.
Rxc1 Rxc1 0-1